000
00199nam a2200073Ia 4500
008
170524s9999 xx 000 0 und d
100
_a
CHANDRA- P
245
0
_a
Investment Analysis and Portfolio Management
260
_b
NEW DELHI : TMH
999
_c
8496
_d
8496